000
00324 a2200157 4500
001
163138
020
_a
040
_c
Magnum
100
_a
Bandeira, Pedro
240
1
0
_a
A formiga e a pomba
_l
por
245
1
0
_a
A formiga e a pomba
362
0
_a
1899
440
1
_a
Moderna
697
_a
I/FADAS, FANTASIA
942
_c
BK
999
_c
163138
_d
163138